| 000 | 00723nas a2200229 4500 | ||
|---|---|---|---|
| 001 | BR7100821 | ||
| 003 | BR-BrBNA | ||
| 005 | 20231205082335.0 | ||
| 007 | ta | ||
| 008 | 230509b bl.|||p| |||| 00| 00por d | ||
| 040 |
_aBR-BrBNA _bpor _cBiblioteca Nacional de Agricultura |
||
| 041 | _a(Pt) | ||
| 072 | _aF60 | ||
| 100 | 1 | _aSanchez L, W.E. | |
| 100 | 1 | _aBrown Junior, K.S. | |
| 245 | 1 | _aDois novos alcaloides beta carbolinicos de Aspidosperma exalatum Monachino [peroba] | |
| 650 | _aPEROBA | ||
| 650 | _aANALISE QUIMICA | ||
| 773 | 0 |
_tAnais da Academia Brasileira de Ciencias (Brazil) _xISSN 0100-3765 _g(Sep 1971), v. 43(3) p. 603-605 _wBR7100821 |
|
| 909 |
_a202311 _bLúcia _c55 _dLúcia Elande |
||
| 942 |
_2AGRIS _n0 _cANA |
||
| 999 |
_c91023 _d91023 |
||